000 00512nam a2200169 i 4500
001 69966
003 ES-MaACL
005 20231227184715.0
007 t|
008 040714s1923 sp ||||1| spa d
100 1 _aGarcía Martí, Victoriano,
_d1881-1966
_954896
245 1 0 _aLugares de devoción y belleza
_b: (impresiones de Galicia) /
_cVictoriano García Martí.
260 _aMadrid :
_b[s.n.,
_c1923] (
_fYagües)
300 _a206 p. ;
_c19 cm.
852 _aES-MaACL
_jF-8998
999 _c69966
_d69966